[Event "HUN-chT2 Toth 1718"]
[Site "Hungary"]
[Date "2017.12.03"]
[Round "5.11"]
[White "Deak, Zoltan"]
[Black "Godollei, Zsombor"]
[Result "1/2-1/2"]
[WhiteElo "1825"]
[BlackElo "1642"]
[PlyCount "77"]
[EventDate "2017.09.24"]
[EventType "team-tourn"]
[EventRounds "11"]
[EventCountry "HUN"]
[SourceTitle "EXT 2021"]
[Source "ChessBase"]
[SourceDate "2020.10.23"]
[SourceVersion "1"]
[SourceVersionDate "2020.10.23"]
[SourceQuality "1"]
[WhiteTeam "Bekes"]
[BlackTeam "Ujszasz"]
[WhiteTeamCountry "HUN"]
[BlackTeamCountry "HUN"]

1. d4 d5 2. Nf3 Nf6 3. Bf4 e6 4. e3 Be7 5. c3 Nbd7 6. Nbd2 0-0 7. Bd3 c5 8. 0-0 c4 9. Bc2 b5 10. Ne5 Nxe5 11. Bxe5 Ba6 12. a3 Nd7 13. Bg3 f5 14. Nf3 Bb7 15. Ne5 Nxe5 16. Bxe5 Bc6 17. f3 a5 18. Qe2 b4 19. e4 bxc3 20. bxc3 Bd6 21. exf5 exf5 22. Rfe1 Kh8 23. Bxd6 Qxd6 24. Qe5 Qg6 25. Rab1 Rae8 26. Qf4 Qf6 27. Rxe8 Bxe8 28. Rb8 Bg6 29. Qe5 Qf7 30. Rxf8+ Qxf8 31. Qxd5 h6 32. Qxa5 Qe7 33. Qe5 Qxa3 34. Qe1 Qb2 35. Bd1 f4 36. h3 Kh7 37. d5 Qb1 38. d6 Qb6+ 39. Kh2 1/2-1/2

[Event "HUN-chT2 Toth 1415"]
[Site "Hungary"]
[Date "2014.12.14"]
[Round "6.10"]
[White "Farkas, Lorinc"]
[Black "Deak, Zoltan"]
[Result "1/2-1/2"]
[WhiteElo "1827"]
[BlackElo "1938"]
[PlyCount "26"]
[EventDate "2014.09.07"]
[EventType "team-tourn"]
[EventRounds "11"]
[EventCountry "HUN"]
[SourceTitle "EXT 2016"]
[Source "ChessBase"]
[SourceDate "2015.10.08"]
[SourceVersion "1"]
[SourceVersionDate "2015.10.08"]
[SourceQuality "1"]
[WhiteTeam "Gyula"]
[BlackTeam "Bekes"]
[WhiteTeamCountry "HUN"]
[BlackTeamCountry "HUN"]

1. e4 c6 2. d3 d5 3. Nd2 dxe4 4. dxe4 g6 5. Ngf3 Bg7 6. g3 Nf6 7. Bg2 Bg4 8. h3 Bxf3 9. Bxf3 Nbd7 10. 0-0 Qc7 11. Qe2 0-0 12. Bg2 e5 13. a4 Nh5 1/2-1/2

[Event "HUN-chT2 Toth 1011"]
[Site "Hungary"]
[Date "2010.09.12"]
[Round "1.5"]
[White "Deak, Zoltan"]
[Black "Molnar, Tibor"]
[Result "1/2-1/2"]
[WhiteElo "2032"]
[BlackElo "1926"]
[PlyCount "77"]
[EventDate "2010.09.12"]
[EventType "team-tourn"]
[EventRounds "11"]
[EventCountry "HUN"]
[SourceTitle "EXT 2012"]
[Source "ChessBase"]
[SourceDate "2011.11.24"]
[SourceVersion "1"]
[SourceVersionDate "2011.11.24"]
[SourceQuality "1"]
[WhiteTeam "Bekes"]
[BlackTeam "Nadudvar"]
[WhiteTeamCountry "HUN"]
[BlackTeamCountry "HUN"]

1. Nf3 Nf6 2. d4 d5 3. Bf4 Bf5 4. e3 c6 5. c3 e6 6. Bd3 Bxd3 7. Qxd3 Bd6 8. Nbd2 Qe7 9. 0-0 Nbd7 10. Bxd6 Qxd6 11. e4 dxe4 12. Nxe4 Qf4 13. Rfe1 0-0 14. g3 Qh6 15. Kg2 Rfd8 16. Rad1 a5 17. h3 Nh5 18. Qe3 Qxe3 19. Rxe3 h6 20. Red3 Nb6 21. b3 a4 22. c4 axb3 23. axb3 Ra2 24. Nc5 Ra7 25. Nd2 Nf6 26. f4 Nc8 27. Kf3 Ne7 28. Nce4 b6 29. Nxf6+ gxf6 30. Ne4 Kg7 31. g4 Ra2 32. R1d2 Ra1 33. Nf2 Ra7 34. Ke3 Ra1 35. Rd1 Ra2 36. R1d2 Ra1 37. Rd1 Ra2 38. R1d2 Ra1 39. Ne4 1/2-1/2

[Event "HUN-chT2 Toth 0910"]
[Site "Hungary"]
[Date "2010.05.02"]
[Round "11.6"]
[White "Deak, Zoltan"]
[Black "Kemeny, Csaba"]
[Result "1/2-1/2"]
[WhiteElo "2064"]
[BlackElo "2050"]
[PlyCount "62"]
[EventDate "2009.11.08"]
[EventType "team-tourn"]
[EventRounds "11"]
[EventCountry "HUN"]
[SourceTitle "EXT 2011"]
[Source "ChessBase"]
[SourceDate "2010.11.26"]
[SourceVersion "1"]
[SourceVersionDate "2010.11.26"]
[SourceQuality "1"]
[WhiteTeam "Bekes"]
[BlackTeam "Kkfhazi Honved"]
[WhiteTeamCountry "HUN"]
[BlackTeamCountry "HUN"]

1. d4 d5 2. Nf3 Nf6 3. Bf4 Bf5 4. e3 e6 5. Bd3 Bxd3 6. Qxd3 c6 7. Nbd2 Bd6 8. Bxd6 Qxd6 9. 0-0 Nbd7 10. e4 dxe4 11. Nxe4 Nxe4 12. Qxe4 Nf6 13. Qe2 0-0 14. c3 c5 15. Rfd1 Rfd8 16. dxc5 Qxc5 17. Rxd8+ Rxd8 18. Rd1 Rxd1+ 19. Qxd1 Qd5 20. Qxd5 Nxd5 21. Kf1 Kf8 22. Nd2 Ke7 23. c4 Nf4 24. b3 f5 25. g3 Nd3 26. a3 e5 27. f3 Kd6 28. Ke2 Nc5 29. b4 Ne6 30. Nb3 b6 31. Ke3 g6 1/2-1/2

[Event "HUN-chT2 Toth 0910"]
[Site "Hungary"]
[Date "2010.04.18"]
[Round "10.7"]
[White "Deak, Zoltan"]
[Black "Farkas, Janos"]
[Result "0-1"]
[WhiteElo "2064"]
[BlackElo "1955"]
[PlyCount "112"]
[EventDate "2009.11.08"]
[EventType "team-tourn"]
[EventRounds "11"]
[EventCountry "HUN"]
[SourceTitle "EXT 2011"]
[Source "ChessBase"]
[SourceDate "2010.11.26"]
[SourceVersion "1"]
[SourceVersionDate "2010.11.26"]
[SourceQuality "1"]
[WhiteTeam "Bekes"]
[BlackTeam "Roszke"]
[WhiteTeamCountry "HUN"]
[BlackTeamCountry "HUN"]

1. d4 d5 2. Nf3 Nf6 3. Bf4 Nbd7 4. e3 e6 5. Nbd2 c5 6. c3 Be7 7. h3 0-0 8. Be2 Re8 9. 0-0 b6 10. Bb5 a6 11. Ba4 b5 12. Bc2 Bb7 13. Re1 Ne4 14. Ne5 Nxe5 15. dxe5 Nxd2 16. Qxd2 Bg5 17. Bxg5 Qxg5 18. f4 Qg3 19. Qf2 Qxf2+ 20. Kxf2 Rac8 21. Rac1 Red8 22. Bd1 a5 23. Bf3 c4 24. g4 b4 25. Red1 Kf8 26. a3 Bc6 27. axb4 axb4 28. Ra1 bxc3 29. bxc3 Ra8 30. Be2 Rdb8 31. Rxa8 Rxa8 32. Rc1 Ra2 33. h4 Ke7 34. Ke1 Ba4 35. h5 Bc2 36. g5 Kd7 37. Bg4 Be4 38. Be2 Kc6 39. Rd1 Kb5 40. Rd2 Ra1+ 41. Rd1 Ra3 42. Kd2 Ka4 43. Rc1 Ra2+ 44. Ke1 Kb3 45. Bd1+ Kb2 46. Kd2 Bd3 47. Bf3 Kb3+ 48. Ke1 Bc2 49. Bd1 Kxc3 50. Bxc2 Rxc2 51. Ra1 Kd3 52. Ra7 c3 53. Rxf7 Kxe3 54. Kf1 d4 55. f5 Rf2+ 56. Kg1 Rxf5 0-1

[Event "HUN-chT2 Toth 0910"]
[Site "Hungary"]
[Date "2010.04.11"]
[Round "9.7"]
[White "Kozak, Otto"]
[Black "Deak, Zoltan"]
[Result "1/2-1/2"]
[WhiteElo "1821"]
[BlackElo "2064"]
[PlyCount "82"]
[EventDate "2009.11.08"]
[EventType "team-tourn"]
[EventRounds "11"]
[EventCountry "HUN"]
[SourceTitle "EXT 2011"]
[Source "ChessBase"]
[SourceDate "2010.11.26"]
[SourceVersion "1"]
[SourceVersionDate "2010.11.26"]
[SourceQuality "1"]
[WhiteTeam "Karcag"]
[BlackTeam "Bekes"]
[WhiteTeamCountry "HUN"]
[BlackTeamCountry "HUN"]

1. e4 c6 2. d4 d5 3. exd5 cxd5 4. Nf3 e6 5. Be2 Nf6 6. Nbd2 Be7 7. c3 b6 8. Qc2 Nbd7 9. 0-0 Bb7 10. Re1 0-0 11. Bd3 Re8 12. h3 Qc8 13. Nf1 Ba6 14. Bf4 Bxd3 15. Qxd3 Qc4 16. Qxc4 dxc4 17. N1d2 b5 18. a3 Nd5 19. Bg3 h6 20. Ne4 a6 21. Rad1 Red8 22. Ne5 Nxe5 23. Bxe5 Rac8 24. Nd2 f6 25. Bg3 Kf7 26. Nf1 Bd6 27. Bxd6 Rxd6 28. g3 a5 29. Ne3 Nb6 30. Rb1 Nd5 31. Nxd5 Rxd5 32. f4 g5 33. fxg5 hxg5 34. Re2 Rc6 35. Rf1 Kg6 36. g4 f5 37. Rfe1 Kf6 38. Re5 Rxe5 39. Rxe5 Rb6 40. gxf5 exf5 41. Rc5 Ke6 1/2-1/2

[Event "HUN-chT2 Toth 0809"]
[Site "Hungary"]
[Date "2009.03.08"]
[Round "9.6"]
[White "Molnar, Tibor"]
[Black "Deak, Zoltan"]
[Result "1/2-1/2"]
[WhiteElo "1911"]
[BlackElo "2099"]
[PlyCount "120"]
[EventDate "2008.10.26"]
[EventType "team-tourn"]
[EventRounds "11"]
[EventCountry "HUN"]
[SourceTitle "EXT 2010"]
[Source "ChessBase"]
[SourceDate "2010.11.25"]
[SourceVersion "1"]
[SourceVersionDate "2010.11.25"]
[SourceQuality "1"]
[WhiteTeam "Nadudvar"]
[BlackTeam "Bekes"]
[WhiteTeamCountry "HUN"]
[BlackTeamCountry "HUN"]

1. d4 d5 2. Nf3 Nf6 3. Bf4 e6 4. Nbd2 Nbd7 5. e3 c5 6. c3 Be7 7. Qc2 b6 8. e4 dxe4 9. Nxe4 0-0 10. dxc5 bxc5 11. Be2 Qb6 12. Ng3 Bb7 13. 0-0 Rfd8 14. a4 Bc6 15. a5 Qb7 16. a6 Qb6 17. Rfb1 Rac8 18. h3 h6 19. Nd2 e5 20. Be3 Nd5 21. Nc4 Qc7 22. Nf5 Bf8 23. Bd2 N7f6 24. Re1 Nf4 25. Bf1 Ng6 26. Bd3 Qd7 27. Nxh6+ gxh6 28. Bxg6 fxg6 29. Nxe5 Qf5 30. Qxf5 gxf5 31. Bf4 Nd7 32. Ng6 Re8 33. Rxe8 Rxe8 34. Nxf8 Nxf8 35. Bxh6 Rb8 36. Rd1 Kf7 37. Rd6 Ba4 38. Be3 Ne6 39. b4 f4 40. Bd2 cxb4 41. cxb4 Ke7 42. Rd5 Rd8 43. Rxd8 Kxd8 44. Bc3 Bb5 45. Be5 Bxa6 46. Bb8 Ke7 47. Bxa7 Kf6 48. h4 Kf5 49. f3 Nf8 50. Bb6 Ng6 51. Bd8 Ne5 52. Be7 Nd3 53. Bd6 Bb5 54. Be7 Kg6 55. Kh2 Ne1 56. Kg1 Kf5 57. h5 Nd3 58. Kh2 Be8 59. h6 Kg6 60. Bf8 Bc6 1/2-1/2

[Event "HUN-chT2 Toth 0809"]
[Site "Hungary"]
[Date "2009.02.08"]
[Round "7.7"]
[White "Benyovszki, Pal"]
[Black "Deak, Zoltan"]
[Result "1/2-1/2"]
[WhiteElo "2031"]
[BlackElo "2099"]
[PlyCount "26"]
[EventDate "2008.10.26"]
[EventType "team-tourn"]
[EventRounds "11"]
[EventCountry "HUN"]
[SourceTitle "EXT 2010"]
[Source "ChessBase"]
[SourceDate "2010.11.25"]
[SourceVersion "1"]
[SourceVersionDate "2010.11.25"]
[SourceQuality "1"]
[WhiteTeam "Mezobereny"]
[BlackTeam "Bekes"]
[WhiteTeamCountry "HUN"]
[BlackTeamCountry "HUN"]

1. e4 c6 2. Nc3 d5 3. d4 dxe4 4. Nxe4 Nf6 5. Nxf6+ exf6 6. Nf3 Bd6 7. Be3 0-0 8. Bd3 Re8 9. 0-0 Nd7 10. c4 Qc7 11. Qc2 Nf8 12. h3 Bf4 13. Bd2 Bxd2 1/2-1/2

[Event "HUN-chT2 Toth 0708"]
[Site "Hungary"]
[Date "2007.12.09"]
[Round "4"]
[White "Szili, Istvan"]
[Black "Deak, Zoltan"]
[Result "1/2-1/2"]
[WhiteElo "2102"]
[BlackElo "2126"]
[PlyCount "28"]
[EventDate "2007.10.14"]
[EventType "team"]
[EventRounds "11"]
[EventCountry "HUN"]
[SourceTitle "EXT 2009"]
[Source "ChessBase"]
[SourceDate "2008.11.26"]
[SourceVersion "1"]
[SourceVersionDate "2008.11.26"]
[SourceQuality "1"]
[WhiteTeam "Takisz"]
[BlackTeam "Bekes"]
[WhiteTeamCountry "HUN"]
[BlackTeamCountry "HUN"]

1. e4 c6 2. c4 g6 3. Nc3 Bg7 4. d4 e6 5. Nf3 Ne7 6. Be2 d5 7. e5 dxc4 8. Bxc4 b5 9. Bb3 Nd7 10. Ne4 0-0 11. 0-0 Nd5 12. Bg5 Qb6 13. Bxd5 cxd5 14. Nf6+ Nxf6 1/2-1/2

[Event "HUN-chT2 Toth 0708"]
[Site "Hungary"]
[Date "2007.11.25"]
[Round "3"]
[White "Deak, Zoltan"]
[Black "Egyed, Gabor"]
[Result "1/2-1/2"]
[WhiteElo "2126"]
[BlackElo "1862"]
[PlyCount "53"]
[EventDate "2007.10.14"]
[EventType "team"]
[EventRounds "11"]
[EventCountry "HUN"]
[SourceTitle "EXT 2009"]
[Source "ChessBase"]
[SourceDate "2008.11.26"]
[SourceVersion "1"]
[SourceVersionDate "2008.11.26"]
[SourceQuality "1"]
[WhiteTeam "Bekes"]
[BlackTeam "Karcag"]
[WhiteTeamCountry "HUN"]
[BlackTeamCountry "HUN"]

1. d4 Nf6 2. Nf3 g6 3. g3 Bg7 4. Bg2 0-0 5. 0-0 d6 6. Nbd2 Bf5 7. Nh4 Bc8 8. e4 e5 9. dxe5 dxe5 10. Nc4 Nc6 11. c3 Bg4 12. Qc2 Qe7 13. Ne3 Be6 14. b3 Rad8 15. Bb2 Rd7 16. Rad1 Rfd8 17. Rxd7 Rxd7 18. Rd1 Bh6 19. Nd5 Qd8 20. Nxf6+ Qxf6 21. Rxd7 Bxd7 22. Qd3 Be6 23. Nf3 Bg7 24. h3 Qd8 25. Ne1 Qc8 26. Kh2 h6 27. Nc2 1/2-1/2

[Event "HUN-chT2 Toth 0506"]
[Site "Hungary"]
[Date "2006.04.09"]
[Round "10"]
[White "Deak, Zoltan"]
[Black "Diamant, Tibor"]
[Result "1/2-1/2"]
[WhiteElo "2136"]
[BlackElo "2120"]
[PlyCount "21"]
[EventDate "2005.10.16"]
[EventType "team"]
[EventRounds "11"]
[EventCountry "HUN"]
[SourceTitle "EXT 2009"]
[Source "ChessBase"]
[SourceDate "2008.11.26"]
[SourceVersion "1"]
[SourceVersionDate "2008.11.26"]
[SourceQuality "1"]
[WhiteTeam "Bekes"]
[BlackTeam "Mako"]
[WhiteTeamCountry "HUN"]
[BlackTeamCountry "HUN"]

1. d4 Nf6 2. Nf3 e6 3. Bf4 c5 4. e3 Qb6 5. Qc1 Nc6 6. c3 Be7 7. Be2 0-0 8. h3 d6 9. Nbd2 cxd4 10. exd4 Bd7 11. 0-0 1/2-1/2